[Event "Southend Easter U1900 op 67th"]
[Site "Southend"]
[Date "2025.04.20"]
[Round "5"]
[White "Davis, Joshua"]
[Black "Jiggins, Matthew"]
[Result "1/2-1/2"]
[WhiteElo "1716"]
[BlackElo "1676"]
[PlyCount "46"]
[EventDate "2025.04.18"]
[EventType "swiss"]
[EventRounds "7"]
[EventCountry "ENG"]
[SourceTitle "CB18_2025"]
[SourceDate "2025.04.30"]
[SourceVersion "1"]
[SourceVersionDate "2025.04.30"]
[SourceQuality "1"]

1. d4 Nf6 2. c4 g6 3. Nf3 Bg7 4. e3 0-0 5. Bd3 c5 6. 0-0 cxd4 7. exd4 d5 8. Be3 Nc6 9. cxd5 Nxd5 10. Nc3 Nxe3 11. fxe3 Bh6 12. Qe2 Be6 13. Be4 f5 14. Bxc6 bxc6 15. Na4 Bd5 16. Nc5 Rb8 17. b3 Bxf3 18. Qxf3 Qd5 19. Qxd5+ cxd5 20. Nd7 Bxe3+ 21. Kh1 Bxd4 22. Rad1 e5 23. Nxb8 Rxb8 1/2-1/2

[Event "Southend Easter U1700 rapid op 67th"]
[Site "Southend"]
[Date "2025.04.17"]
[Round "2"]
[White "Davis, Joshua"]
[Black "Danov, Miroslav"]
[Result "1-0"]
[WhiteElo "1554"]
[BlackElo "1599"]
[PlyCount "93"]
[EventDate "2025.04.17"]
[EventType "swiss (rapid)"]
[EventRounds "6"]
[EventCountry "ENG"]
[SourceTitle "CB18_2025"]
[SourceDate "2025.04.30"]
[SourceVersion "1"]
[SourceVersionDate "2025.04.30"]
[SourceQuality "1"]

1. d4 Nf6 2. c4 g6 3. Bf4 Bg7 4. Nc3 d6 5. Nf3 0-0 6. e3 Nfd7 7. Qc2 e5 8. dxe5 dxe5 9. Bg5 f6 10. Bh4 Nc6 11. Be2 Ne7 12. 0-0 Nf5 13. Bg3 Nxg3 14. hxg3 Nc5 15. Rad1 Qe7 16. Nd5 Qf7 17. b4 Na6 18. a3 c6 19. Nc3 Be6 20. Ne4 Rad8 21. Nd6 Qe7 22. Qd3 f5 23. Nh4 g5 24. Nhxf5 Bxf5 25. Nxf5 Qf6 26. Nd6 Rd7 27. Bg4 Re7 28. c5 b6 29. Qxa6 bxc5 30. bxc5 e4 31. Qxc6 Qe5 32. Qd5+ Qxd5 33. Rxd5 Rc7 34. Rfd1 h6 35. Bf5 a5 36. Bxe4 Bb2 37. a4 Bc3 38. Rf5 Rb8 39. Bd5+ Kg7 40. Rf7+ Rxf7 41. Nxf7 Rc8 42. c6 Rc7 43. Nd8 Kf6 44. Bf3 Bb4 45. Rd7 Rc8 46. c7 Be7 47. Bb7 1-0

[Event "Southend Easter U1700 rapid op 67th"]
[Site "Southend"]
[Date "2025.04.17"]
[Round "1"]
[White "King, David2"]
[Black "Davis, Joshua"]
[Result "0-1"]
[WhiteElo "1695"]
[BlackElo "1554"]
[PlyCount "102"]
[EventDate "2025.04.17"]
[EventType "swiss (rapid)"]
[EventRounds "6"]
[EventCountry "ENG"]
[SourceTitle "CB18_2025"]
[SourceDate "2025.04.30"]
[SourceVersion "1"]
[SourceVersionDate "2025.04.30"]
[SourceQuality "1"]

1. d4 Nf6 2. c4 e5 3. dxe5 Ng4 4. Nf3 Nc6 5. Nc3 Bb4 6. Qc2 Ngxe5 7. Nxe5 Nxe5 8. e3 0-0 9. a3 Bxc3+ 10. Qxc3 d6 11. b4 Re8 12. Bb2 Qf6 13. Qc2 Bf5 14. Qd2 Qg6 15. Bxe5 Rxe5 16. Rd1 Rae8 17. h4 Bg4 18. Rc1 Qe4 19. Rc3 Qb1+ 20. Rc1 Qg6 21. Rc3 f5 22. Bd3 Bh5 23. g3 Qg4 24. Be2 Qxe2+ 25. Qxe2 Bxe2 26. Kxe2 Re4 27. Rd1 f4 28. gxf4 Rxf4 29. Rh1 Rg4 30. Rh3 Ree4 31. Rf3 Rxh4 32. c5 d5 33. Rd3 c6 34. Rg3 Rhg4 35. Rxg4 Rxg4 36. f3 Rg2+ 37. Kd1 h5 38. e4 Rg5 39. exd5 Rxd5 40. Rxd5 cxd5 41. Kd2 Kf7 42. Ke3 Ke6 43. f4 h4 44. b5 g6 45. a4 h3 46. Kf3 d4 47. c6 bxc6 48. bxc6 d3 49. a5 d2 50. Ke2 h2 51. Kxd2 h1Q 0-1

[Event "Southend Easter U1700 rapid op 67th"]
[Site "Southend"]
[Date "2025.04.17"]
[Round "6"]
[White "Saharkar, Sharvari"]
[Black "Davis, Joshua"]
[Result "1-0"]
[WhiteElo "1581"]
[BlackElo "1554"]
[PlyCount "65"]
[EventDate "2025.04.17"]
[EventType "swiss (rapid)"]
[EventRounds "6"]
[EventCountry "ENG"]
[SourceTitle "CB18_2025"]
[SourceDate "2025.04.30"]
[SourceVersion "1"]
[SourceVersionDate "2025.04.30"]
[SourceQuality "1"]

1. e4 c6 2. d4 d5 3. Nc3 dxe4 4. Nxe4 Nf6 5. Nxf6+ exf6 6. Nf3 Bd6 7. Bd3 0-0 8. 0-0 Bg4 9. h3 Be6 10. c3 Re8 11. Be3 Nd7 12. Qc2 Nf8 13. Rfe1 Qd7 14. Rad1 Bxh3 15. gxh3 Qxh3 16. Be2 g5 17. d5 c5 18. b4 cxb4 19. cxb4 g4 20. Qf5 Re5 21. Nxe5 Bxe5 22. Qxg4+ Qxg4+ 23. Bxg4 Ng6 24. d6 Nh4 25. d7 Rd8 26. Bxa7 f5 27. Rxe5 Kg7 28. Re8 fxg4 29. Rxd8 Nf3+ 30. Kg2 h5 31. Re8 h4 32. d8Q h3+ 33. Kg3 1-0

[Event "British Rapidplay"]
[Site "Peterborough"]
[Date "2025.03.02"]
[Round "7"]
[White "Davis, Joshua"]
[Black "Liu, Jacob"]
[Result "0-1"]
[WhiteElo "1716"]
[BlackElo "1779"]
[PlyCount "62"]
[EventDate "2025.03.01"]
[EventType "swiss (rapid)"]
[EventRounds "11"]
[EventCountry "ENG"]
[SourceTitle "CB10_2025"]
[SourceDate "2025.03.05"]
[SourceVersion "1"]
[SourceVersionDate "2025.03.05"]
[SourceQuality "1"]

1. d4 d5 2. c4 c6 3. cxd5 cxd5 4. Nc3 Nf6 5. Nf3 Nc6 6. Ne5 e6 7. e3 Bd7 8. Bd3 Bd6 9. f4 a6 10. 0-0 0-0 11. a3 Ne8 12. Bd2 f6 13. Qh5 h6 14. Ng6 Rf7 15. Rf3 f5 16. Rg3 Nf6 17. Qh3 Ne4 18. Bxe4 fxe4 19. Ne5 Bxe5 20. fxe5 Ne7 21. Rf1 Rxf1+ 22. Kxf1 Qf8+ 23. Ke2 Rc8 24. Rg4 Rxc3 25. Rf4 Qxf4 26. Bxc3 Bb5+ 27. Kd2 Qf2+ 28. Kc1 Qf1+ 29. Kd2 Qd3+ 30. Kc1 Ba4 31. Qxe6+ Kh7 0-1